Hegemonía masculina, freno en equipos mixtos en la minería chilena (Record no. 186407)
[ view plain ]
| 000 -CABECERA | |
|---|---|
| campo de control de longitud fija | 01476nab a2200265 a 4500 |
| 005 - FECHA Y HORA DE LA ÚLTIMA TRANSACCIÓN | |
| campo de control | 20210219163001.0 |
| 008 - ELEMENTOS DE LONGITUD FIJA--INFORMACIÓN GENERAL | |
| campo de control de longitud fija | 991125s1985 mx 000 0 spa u |
| 035 ## - NÚMERO DE CONTROL DEL SISTEMA | |
| Número de control de sistema | UPN01000214307 |
| 049 ## - COLECCIÓN | |
| Colección | ART |
| 100 1# - ASIENTO PRINCIPAL--NOMBRE PERSONAL | |
| Nombre de persona | Salinas, Paulina |
| 100 1# - ASIENTO PRINCIPAL--NOMBRE PERSONAL | |
| Nombre de persona | Romaní, Gianni |
| 222 #0 - TÍTULO CLAVE | |
| Título clave | REVISTA MEXICANA DE SOCIOLOGIA |
| 245 00 - MENCIÓN DE TÍTULO | |
| Título | Hegemonía masculina, freno en equipos mixtos en la minería chilena |
| 300 ## - DESCRIPCIÓN FÍSICA | |
| Extensión | 469-496 |
| 362 0# - FECHAS DE PUBLICACIÓN Y/O DESIGNACIÓN SECUENCIAL | |
| Fecha de publicación y/o designación secuencial | 2016 Volumen 78, número 3, julio-septiembre |
| 520 3# - NOTA DE RESUMEN, ETC. | |
| Sumario, etc. | Este artículo aborda la hegemonía masculina como estructura de género que obstruye la formación de equipos mixtos en la minería chilena. Analiza cómo, a pesar de que el sector requerirá mayor mano de obra calificada hacia el año 2020, se desestiman las transformaciones en la cultura organizacional como eje central para realizar cambios en este sentido. A través del análisis comparativo de los discursos de los actores del rubro se examinan las principales debilidades y los obstáculos que enfrentan las trabajadoras de áreas operacionales. La investigación se circunscribe al norte de Chile, epicentro de la minería del cobre a nivel mundial |
| 653 0# - TERMINO DE INDIZACION - NO CONTROLADO | |
| Término no controlado | HEGEMONIA MASCULINA |
| 653 0# - TERMINO DE INDIZACION - NO CONTROLADO | |
| Término no controlado | MINERIA |
| 653 0# - TERMINO DE INDIZACION - NO CONTROLADO | |
| Término no controlado | CULTURA ORGANIZACIONAL |
| 653 0# - TERMINO DE INDIZACION - NO CONTROLADO | |
| Término no controlado | BRECHAS DE GENERO |
| 653 0# - TERMINO DE INDIZACION - NO CONTROLADO | |
| Término no controlado | CHILE |
| 856 4# - LOCALIZACIÓN Y ACCESO ELECTRÓNICOS | |
| Identificador Uniforme del Recurso | <a href="http://www.revistas.unam.mx/index.php/rms/article/view/56793/50395">http://www.revistas.unam.mx/index.php/rms/article/view/56793/50395</a> |
| 856 4# - LOCALIZACIÓN Y ACCESO ELECTRÓNICOS | |
| Identificador Uniforme del Recurso | <a href="http://www.redalyc.org/articulo.oa?id=32146492006">http://www.redalyc.org/articulo.oa?id=32146492006</a> |
| 905 ## - TIPO DE MATERIAL | |
| Tipo de material | Articulo |
No items available.
